Connais-tu ces personnages Demon Slayer ? - Statistiques

Statistiques générales
  • Ce quiz a été pris 63 fois
  • Le résultat moyen est 18 sur 109
Statistiques - réponses
Hint Réponse % Correct
Souffle du soleil et de l'eau Tanjiro Kamado
80%
Démon Nezuko Kamado
63%
3eme lune supérieure Akaza
45%
Pilier de l'eau Giyu Tomioka
43%
Pilier de l'amour Mitsuri Kanroji
43%
Pilier de l'insecte Shinobu Kocho
40%
2eme lune supérieure Doma
38%
Souffle de la bête Inosuke Hashibira
38%
Pilier du son Tengen Uzui
38%
Souffle de la foudre Zenitsu Agatsuma
38%
Corbeau du Pilier de l'insecte En
35%
Ancien Pilier de la fleur Kanae Kocho
35%
Pilier de la flamme Kyojuro Rengoku
35%
Pilier de la brume Muichiro Tokito
35%
Maitre des Démons Muzan Kibutsuji
35%
Ancienne 6eme lune supérieure Daki
33%
1ere lune inférieure Enmu
33%
Frère du précédent Gyutaro
33%
Pilier du serpent Obanai Iguro
33%
Pilier du vent Sanemi Shinazugawa
33%
Ancienne 5eme lune supérieure Gyokko
30%
1ere lune supérieure Kokushibo
30%
Pourfendeur/Démon Genya Shinazugawa
28%
Ancienne 4eme lune supérieure Hantengu
28%
Pourfendeur Murata
28%
Femme du précédent Amane Ubuyashiki
25%
Pilier de la pierre Gyomei Himejima
25%
Chef des pourfendeurs Kagaya Ubuyashiki
25%
Souffle de la fleur Kanao Tsuyuri
25%
4eme lune supérieure Nakime
25%
5eme lune inférieure Rui
25%
Ami du Pilier de l'eau Sabito
25%
Démon/la fugitive Tamayo
23%
6eme lune supérieure Kaigaku
20%
"Soeur" du précédent Makomo
20%
Ancien Pilier de la flamme Shinjuro Rengoku
20%
Femme du Pilier du son Suma
20%
Femme du Pilier du son Hinatsuru
18%
Démon au balles Susamaru
18%
1er Pourfendeur de Démons Yoriichi Tsugikuni
18%
Frère jumeau du Pilier de la brume Yuichiro Tokito
18%
Démon/ancien patient du précédent Yushiro
18%
Chat Chachamaru
15%
Furtif Goto
15%
Forgeron du héros Hotaru Haganezuka
15%
Enfant du village des forgerons Kotetsu
15%
Femme du Pilier du son Makiwo
15%
Tristesse de l'ancienne 4eme lune supérieure Aizetsu
13%
Soeur du héros Hanako Kamado
13%
Plaisir de l'ancienne 4eme lune supérieure Karaku
13%
Mère du héros Kie Kamado
13%
Fils du chef des pourfendeurs Kiriya Ubuyashiki
13%
Frère du héros Rokuta Kamado
13%
Colère de l'ancienne 4eme lune supérieure Sekido
13%
Frère du Pilier de la flamme Senjuro Rengoku
13%
Père du héros Tanjuro Kamado
13%
Joie de l'ancienne 4eme lune supérieure Urogi
13%
Haine de l'ancienne 4eme lune supérieure Zohakuten
13%
Domaine des papillons Aoi Kanzaki
10%
Ancien Pilier de la foudre Jigoro Kuwajima
10%
Serpent Kaburamaru
10%
Ancienne 6eme lune inférieure Kyogai
10%
Fille du chef des pourfendeurs Nichika Ubuyashiki
10%
Mère du Pilier de la flamme Ruka Rengoku
10%
Frère du héros Shigeru Kamado
10%
Rancune de l'ancienne 4eme lune supérieure Urami
10%
Démon aux flèches Yahaba
10%
Ancienne 2eme lune inférieure Hairo
8%
Forgeron de du pilier de la brume et du pourfendeur au souffle de la bête Kozo Kanamori
8%
Fille du chef des pourfendeurs Kuina Ubuyashiki
8%
2eme lune inférieure Rokuro
8%
Frère du héros Takeo Kamado
8%
Ancien forgeron du pilier de la brume Tetsuido
8%
Corbeau du Pilier de la brume Ginko
5%
Fille du chef des pourfendeurs Hinaki Ubuyashiki
5%
6eme lune inférieure Kamanue
5%
Corbeau du Pilier de l'eau Kanzaburo
5%
Forgeron Kotaro
5%
4eme lune inférieure Mukago
5%
Domaine des papillons Naho Takada
5%
Ancètre du héros Sumiyoshi Kamado
5%
Chef du village des forgerons Tecchin Tecchikawahara
5%
Forgeron Tetsudoji
5%
Oncle du précédent Tetsuhiro
5%
Forgeron Tetsumotonaka
5%
Forgeron Tetsuo
5%
Forgeron Tetsutani
5%
Ancienne 1ere lune inférieure Ubume
5%
3eme lune inférieure Wakuraba
5%
Corbeau du pourfendeur au souffle de la bête Dongurimaru
3%
Fils du précédent Gantetsu
3%
Corbeau du pourfendeur/démon Hashibami
3%
Corbeau du pourfendeur au souffle de la fleur Isuzu
3%
Forgeron Kanaike
3%
Corbeau du Pilier de la flamme Kaname
3%
Domaine des papillons Kiyo Terauchi
3%
Forgeron Kongoji
3%
Corbeau du héros Matsuemon Tennoji
3%
Corbeau du Pilier du son Nijimaru
3%
Corbeau du Pilier du vent Sorai
3%
Domaine des papillons Sumi Nakahara
3%
Femme du précédent Suyako Kamado
3%
Forgeron Tetsugoro
3%
Marchand d'udon Toyo
3%
Moineau du pourfendeur au souffle de la foudre Ukogi/Chuntaro
3%
Corbeau du Pilier de l'amour Urara
3%
Homme tué par le maitre des démons dans le quartier d'Asakusa Yacchan
3%
Corbeau du Pilier du serpent Yuan
3%
Corbeau du Pilier de la pierre Zekka
3%
Aucun quiz correspondant
Distribution des résultats
% des personnes avec chaque résultat
Percentile par nombre de réponses
Votre historique - résultats
Vous n’avez pas pris ce quiz